000 00503nam a2200169 4500
001 121088
003 ES-MaACL
005 20230906191702.0
007 t|
008 070214s1971 sp r ||||1| spa d
100 1 _aPoniatowski, Michel.
_992976
245 1 4 _aLas opciones de la esparanza /
_cMichel Poniatowski ; traducción de Guillem D'Efak.
260 _aBarcelona :
_bDopesa,
_c1971.
300 _a251 p. ;
_c19 cm.
700 1 _aD'Efak, Guillem.
_942368
852 _aES-MaACL
_jC-46562
_bR.77287
999 _c121088
_d121088